BIBLIOTECA “JULIO CORTÁZAR”
ESCUELA AGROTÉCNICA “LIBERTADOR GENERAL SAN MARTÍN” - UNR – CASILDA

Logo Escuela Logo UNR

Efemérides escolar / (Record no. 2080)

MARC details
000 -LEADER
campo de control de longitud fija 00755nam#a22002535a#4500
001 - NÚMERO DE CONTROL
campo de control 2080
008 - DATOS DE LONGITUD FIJA--INFORMACIÓN GENERAL
campo de control de longitud fija 130418s2007####ag#a###g######001#0#spa#d
020 ## - NÚMERO INTERNACIONAL ESTÁNDAR DEL LIBRO
Número Internacional Estándar del Libro 9789872407308
080 ## - NÚMERO DE LA CLASIFICACIÓN DECIMAL UNIVERSAL
Número de la Clasificación Decimal Universal 371.239
084 ## - OTRO NÚMERO DE CLASIFICACIÓN
Número de clasificación B18
040 ## - FUENTE DE CATALOGACIÓN
Centro catalogador/agencia de origen AR-ClEAG
Centro/agencia transcriptor AR-ClEAG
005 - FECHA Y HORA DE LA ÚLTIMA TRANSACCIÓN
campo de control 20241107184732.0
003 - IDENTIFICADOR DE NÚMERO DE CONTROL
campo de control AR-ClEAG
100 1# - ENTRADA PRINCIPAL--NOMBRE DE PERSONA
Nombre de persona Ballesteros, Adriana.
245 10 - MENCIÓN DEL TÍTULO
Título Efemérides escolar /
Mención de responsabilidad, etc. Adriana Ballesteros ; ilustrado por Paula Casey ; dirigido por Hugo Jerez Mantaras.
250 ## - MENCION DE EDICION
Mención de edición 1ª ed.
260 ## - PUBLICACIÓN, DISTRIBUCIÓN, ETC.
Lugar de publicación, distribución, etc. Resistencia :
Nombre del editor, distribuidor, etc. Jerez,
Fecha de publicación, distribución, etc. 2007.
300 ## - DESCRIPCIÓN FÍSICA
Extensión 446 p. :
Otras características físicas fot. col., il. col. ;
Dimensiones 27 cm.
653 ## - TÉRMINO DE INDIZACIÓN--NO CONTROLADO
Término no controlado Efemérides
653 ## - TÉRMINO DE INDIZACIÓN--NO CONTROLADO
Término no controlado Efemérides escolares
700 1# - ENTRADA AGREGADA--NOMBRE PERSONAL
Nombre de persona Casey, Paula,
Término indicativo de función/relación ilustrador.
Relación ill
700 1# - ENTRADA AGREGADA--NOMBRE PERSONAL
Nombre de persona Jerez Mantaras, Hugo,
Término indicativo de función/relación director.
Relación drt
942 ## - ELEMENTOS DE ENTRADA SECUNDARIOS (KOHA)
Tipo de ítem Koha Libros
980 ## - EQUIVALENCIA O REFERENCIA-CRUZADA-MENCIÓN DE SERIE--NOMBRE DE PERSONA/TÍTULO [LOCAL, CANADÁ]
Enlace 2
Nombre de persona Evangelina Gallicchio
Enlace entre campo y número de secuencia 2
Información miscelánea Evangelina Gallicchio
Holdings
Estatus retirado Estado de pérdida Fuente del sistema de clasificación o colocación Estado de daño No para préstamo Biblioteca de origen Biblioteca actual Ubicación en estantería Fecha de adquisición Número de inventario Total de préstamos Signatura topográfica completa Código de barras Visto por última vez Precio de reemplazo Tipo de ítem Koha
    Clasificación decimal universal     Julio Cortázar Julio Cortázar   07/11/2024 3970   R24 371.239 B18 Ej.1 3970 07/11/2024 07/11/2024 Libros

Contacto

Biblioteca Julio Cortázar. Escuela Agrotécnica "Libertador San Martín". Universidad Nacional de Rosario
Dirección: Ov. Lagos 1000 - 2170 Casilda - Santa Fe - Argentina
Tel: (54) (03464) 422226.
Fax: (54) (03464) 427789.
E-Mail: biblio-eac@unr.edu.ar